000 00307nam a22001337a 4500
008 170830b xxu||||| |||| 00| 0 eng d
020 _a9780078771675
041 _aeng
080 _a070
100 _a40
101 _aMED
245 _aSUCCRDING IN THE WORLD OF WORK
_cKIMBRELL.G
942 _2udc
_cBK
999 _c25638
_d25638